| 000 | 00449nam a2200157 i 4500 | ||
|---|---|---|---|
| 001 | 24620 | ||
| 003 | ES-MaACL | ||
| 007 | t| | ||
| 008 | 021218s1956 sp ||||1| spa d | ||
| 245 | 0 | 0 |
_aAntología latina / _cAntonio Martínez Ugartemendía. |
| 260 |
_aPamplona : _bAramburu, _c1956. |
||
| 300 |
_a77 p. : _bil. ; _c21 cm. |
||
| 500 | _aEs el primer volumen. | ||
| 700 | 1 |
_aMartínez Ugartemendía, Antonio. _978453 |
|
| 852 |
_aES-MaACL _jE-4082 |
||
| 999 |
_c24620 _d24620 |
||